000 00631nam a2200241Ia 4500
003 OSt
005 20220918201413.0
006 a|||||r|||| 00| 0
007 ta
008 220917b |||||||| |||| 00| 0 eng d
024 _a93,711
037 _cTextual
040 _aARTS
_cARTS
_beng
041 _2eng
_aeng
082 _aV2y7M89, M0 (MIL)
100 _aRavindran T K
_998600
245 0 _aNehru's idea of history
260 _aNew Delhi
_bLight and Life Pub
_c1980
300 _a143p.
_ccm.
650 _aHISTORY
942 _hV2y7M89, M0 (MIL)
_cTEXL
_2CC
999 _c217353
_d217353